| 000 | 00493nam a22001937a 4500 | ||
|---|---|---|---|
| 003 | CEME | ||
| 005 | 20210628205406.0 | ||
| 008 | 210127b xxu||||| |||| 00| 0 eng d | ||
| 020 | _a0-07-029074-1 | ||
| 040 | _c. | ||
| 082 | _a516.24 HIR | ||
| 100 |
_aHirsch, Christian R _975312 |
||
| 245 | _aTrigonometry and its applications | ||
| 260 |
_aNEW YORK _bMCGRAW HILL _c1990 |
||
| 300 | _aXIV,515P | ||
| 650 |
_aTRIGONOMETRY _939136 |
||
| 700 |
_aSchoen, Harold L _975313 |
||
| 942 |
_cBK _2ddc |
||
| 999 |
_c580753 _d580753 |
||